Rhymes With 'Age' Quiz Stats

 Plays Quiz Updated Jul 7, 2017

Support Sporcle.
Go Orange.
Score 0/9 Timer 01:00
3 Plays Today
% Correct
cage
95.9%
page
95.1%
rage
93.5%
sage
91.7%
wage
86.9%
mage
70.1%
stage
64.4%
gauge
62.7%
gage
57.6%

From the Vault

'R' Logos

by Quizmaster91

Ready for a rousing 'R' logo quiz?
Remove Ads.
Support Sporcle.
Get the best of Sporcle when you Go Orange. This ad-free experience offers more features, more stats, and more fun while also helping to support Sporcle. Thank you for becoming a member.

Show Comments

Extras

Top Quizzes Today


Score Distribution

Your Account Isn't Verified!

In order to create a playlist on Sporcle, you need to verify the email address you used during registration. Go to your Sporcle Settings to finish the process.

Report this User

Report this user for behavior that violates our Community Guidelines.

Details: